| Tag |
First Indicator |
Second Indicator |
Subfields |
| LEADER |
00000nam a2200000 4500 |
| 001 |
in00004288721 |
| 005 |
20200813075608.0 |
| 006 |
m g d |
| 007 |
cr bn |||a|bb| |
| 008 |
930624s1661 enk o 00| | eng d |
| 035 |
|
|
|a (UnM)99863783
|
| 037 |
|
|
|a CL0051000005
|b ProQuest Information and Learning. 300 N. Zeeb Rd., Ann Arbor, MI 48106
|
| 040 |
|
|
|a Cu-RivES
|c Cu-RivES
|d CStRLIN
|d Cu-RivES
|e dcrb
|d WaOLN
|
| 100 |
1 |
|
|a Wilde, William,
|c Sir,
|d 1611?-1679.
|
| 245 |
1 |
4 |
|a The speech spoken by Sir William Wylde Knight & baronet, one of his Majesties serjeants at law, (and recorder of the City of London.) :
|b To his most sacred Majesty Charles the Second: in his passage from the Tovver to White-hall. April 22. 1661. Being the day before his coronation.
|
| 260 |
|
|
|a London :
|b Printed by William Godbid for Edward Powell,
|c [1661]
|
| 300 |
|
|
|a 1 online resource (7, [1] pages)
|
| 336 |
|
|
|a text
|b txt
|2 rdacontent
|
| 337 |
|
|
|a computer
|b c
|2 rdamedia
|
| 338 |
|
|
|a online resource
|b cr
|2 rdacarrier
|
| 500 |
|
|
|a Date of publication from Wing.
|
| 500 |
|
|
|a Annotation on Thomason copy: "Aprill 22".
|
| 500 |
|
|
|a Reproduction of the original in the British Library.
|
| 510 |
4 |
|
|a Wing (2nd edition, 1994)
|c W3769A
|
| 510 |
4 |
|
|a Thomason
|c E.1088[4]
|
| 533 |
|
|
|a Electronic reproduction.
|b Ann Arbor, Mich. :
|c UMI,
|d 1999-
|f (Early English books online)
|n Digital version of: (Thomason Tracts ; 162:E1088[4])
|7 s1999 miun s
|
| 600 |
0 |
0 |
|a Charles
|b II,
|c King of England,
|d 1630-1685
|v Early works to 1800.
|
| 651 |
|
0 |
|a Great Britain
|x History
|y Charles II, 1660-1685
|v Early works to 1800.
|
| 830 |
|
0 |
|a Early English books online.
|
| 856 |
4 |
0 |
|u http://proxy.library.tamu.edu/login?url=https://search.proquest.com/docview/2248537967
|z Connect to the full text of this electronic book
|t 0
|
| 999 |
f |
f |
|s 325f9d32-f7ba-3b40-88d6-9f1024102125
|i 8d8616b5-4931-3201-b74c-a1b4fc962c45
|t 0
|
| 952 |
f |
f |
|a Texas A&M University
|b College Station
|c Electronic Resources
|d Available Online
|t 0
|h No information provided
|
| 998 |
f |
f |
|t 0
|l Available Online
|